| 000 | 00640nam a2200205 i 4500 | ||
|---|---|---|---|
| 001 | 39765 | ||
| 003 | ES-MaACL | ||
| 005 | 20231102063033.0 | ||
| 007 | t| | ||
| 008 | 030304s1985 gw ||||1| ger d | ||
| 020 | _a3-596-22083-1 | ||
| 100 | 0 |
_aCanetti, Elias, _d1905-1994 _934493 |
|
| 245 | 1 | 4 |
_aDie Gerettete Zunge _b: Geschichte einer Jugend / _cElĂas Canetti. |
| 260 |
_aFrankfurt am Main : _bFischer Taschenbuch, _c1985. |
||
| 300 |
_a318 p. ; _c18 cm. |
||
| 490 | 1 |
_aFischer Taschenbuch ; _v2083 |
|
| 830 | 0 |
_aFischer Taschenbuch ; _v2083 _9229719 |
|
| 852 |
_aES-MaACL _jL-12526 _bR.114806 |
||
| 999 |
_c39765 _d39765 |
||